Sanat "Niin ikävä sua" - Matti ja Teppo - Statistics

Yleistilastot
  • Tätä visaa on pelattu 5 kertaa
  • Keskiarvotulos 119 / 190
Vastaustilastot
Vastaus % Oikein
ei
100%
en
100%
ikävä
100%
kuin
100%
kun
100%
100%
Mun
100%
niin
100%
olla
100%
on
100%
On
100%
Oon
100%
oon
100%
se
100%
sen
100%
sua
100%
sun
100%
tää
100%
taas
100%
vaan
100%
vain
100%
ja
67%
kai
67%
Kai
67%
nää
67%
päivä
67%
saa
67%
sai
67%
voi
67%
aamun
33%
ääntä
33%
aluillaan
33%
arki
33%
enää
33%
enkö
33%
hämärässä
33%
hiljaista
33%
huoneisiin
33%
ikinä
33%
jään
33%
jäi
33%
jäiset
33%
jälkeen
33%
kainaloon
33%
kiireiden
33%
koskettamaan
33%
kulkevat
33%
kumpa
33%
kuulu
33%
kuvasi
33%
lamaan
33%
luopumaan
33%
maailmasta
33%
maanantai
33%
meidät
33%
mielen
33%
missä
33%
muuta
33%
näihin
33%
nousussa
33%
odotakaan
33%
odottaa
33%
oisit
33%
oletkaan
33%
otteen
33%
painaa
33%
päivän
33%
pakko
33%
pitkä
33%
pitkät
33%
rakkaan
33%
rakkaimpain
33%
rataa
33%
saan
33%
saapui
33%
samaa
33%
samaan
33%
siellä
33%
silti
33%
sormen
33%
suosiolla
33%
suostu
33%
tässä
33%
tästä
33%
tiedänhän
33%
tilanteeseen
33%
tunnit
33%
vaivoin
33%
vasta
33%
yksin
33%
yksinäiset
33%
yllä
33%
yöni
33%
haron
0%
kuinka
0%
miettimästä
0%
minuun
0%
nyt
0%
selvittää
0%
tarttuvat
0%
täytyi
0%
unessa
0%
vaikeaa
0%
varon
0%
viereltäin
0%
Ehtoja vastaavia visoja ei löytynyt
Tulosjakauma
Jokaisen tuloksen saaneiden osuus
Persentiili vastausten määrän mukaan
Tuloshistoriasi
Et ole pelannut tätä visaa